Historia del nacionalismo / (Record no. 87377)

MARC details
000 -LEADER
campo de control de longitud fija 01083nam a2200253 i 4500
001 - NÚMERO DE CONTROL
campo de control 87377
003 - IDENTIFICADOR DE NÚMERO DE CONTROL
campo de control ES-MaACL
005 - FECHA Y HORA DE LA ÚLTIMA TRANSACCIÓN
campo de control 20250819164919.0
007 - CAMPO FIJO DE DESCRIPCIÓN FÍSICA--INFORMACIÓN GENERAL
campo de control de longitud fija t|
008 - DATOS DE LONGITUD FIJA--INFORMACIÓN GENERAL
campo de control de longitud fija 041221s1949 mx ||||1| spa d
100 1# - ENTRADA PRINCIPAL--NOMBRE DE PERSONA
Nombre de persona Kohn, Hans.
9 (RLIN) 68491
245 10 - MENCIÓN DEL TÍTULO
Título Historia del nacionalismo /
Mención de responsabilidad, etc. por Hans Kohn ; [traducción de Samuel Cosío Villegas].
250 ## - MENCION DE EDICION
Mención de edición [1ª ed. en español].
260 ## - PUBLICACIÓN, DISTRIBUCIÓN, ETC.
Lugar de publicación, distribución, etc. México, etc. :
Nombre del editor, distribuidor, etc. Fondo de Cultura Económica de México,
Fecha de publicación, distribución, etc. [1949] (
Fabricante Gráfica Panamericana)
300 ## - DESCRIPCIÓN FÍSICA
Extensión 631 p. ;
Dimensiones 24 cm.
510 ## - NOTA DE CITAS O REFERENCIAS BIBLIOGRÁFICAS
Nombre de la fuente CCPB,
Localización dentro de la fuente 001009554-3.
650 #7 - PUNTO DE ACCESO ADICIONAL DE MATERIA--TÉRMINO DE MATERIA
Término de materia o nombre geográfico como elemento de entrada Nacionalismo
Fuente del encabezamiento o término embne
9 (RLIN) 15438
700 1# - ENTRADA AGREGADA--NOMBRE PERSONAL
Nombre de persona Cosío Villegas, Samuel.
9 (RLIN) 40998
852 ## - LOCALIZACIÓN
Ubicación ES-MaACL
Número de control de estantería D-6386
Sublocalización o colección R.30154
-- R.M.5981
itemnumber 90575
Ubicación en estantería Sala Valle Inclán
Marcas de propiedad Sello en tinta azul de la Biblioteca del Ateneo de Madrid.
Anotaciones manuscritas Anotación manuscrita a lápiz en hoja de guarda posterior: "110".
Encuadernación Encuadernación en piel azul.
942 ## - ELEMENTOS DE ENTRADA SECUNDARIOS (KOHA)
Fuente del sistema de clasificación o colocación Clasificación decimal universal
Tipo de ítem Koha Libro impreso
Holdings
Estatus retirado Estado de pérdida Estado de daño No para préstamo Biblioteca de origen Biblioteca actual Ubicación en estantería Fecha de adquisición Fuente de adquisición Total de préstamos Signatura topográfica completa Código de barras Visto por última vez Precio de reemplazo Tipo de ítem Koha
        Biblioteca del Ateneo de Madrid Biblioteca del Ateneo de Madrid Sala Valle Inclán 17/01/2008     D-6386 901091285 23/02/2023 23/02/2023 Libro impreso